[Event "BL9798 (Women)"]
[Site "Germany"]
[Date "1997.??.??"]
[Round "?.5"]
[White "Schumacher, Britta"]
[Black "Eckhardt, Claudia"]
[Result "0-1"]
[WhiteElo "2055"]
[BlackElo "2160"]

1.e4 c5 2.Nf3 e6 3.d4 cxd4 4.Nxd4 a6 5.Bd3 Nf6 6.O-O Qc7 7.c4 d6 8.Nc3 Nbd7
9.Qe2 Ne5 10.Kh1 Bd7 11.Bg5 Be7 12.Rac1 Nxd3 13.Qxd3 O-O 14.Rfd1 Ng4 15.Be3 Bg5
16.Qe2 Bxe3 17.fxe3 Ne5 18.b3 Rad8 19.Rf1 Bc8 20.Rc2 b6 21.Nf3 Ng6 22.Qe1 Bb7
23.Qg3 b5 24.cxb5 axb5 25.Nd4 b4 26.Nb1 Qb6 27.Nd2 Ne5 28.h3 Ba6 29.Rfc1 Rc8
30.Qh4 Ng6 31.Qe1 Ne5 32.Qh4 Rxc2 33.Rxc2 Qb7 34.Qf4 Bd3 35.Rc1 Qa6 36.N4f3 Ng6
37.Qg3 h6 38.Rc7 Rd8 39.Nd4 Qa5 40.Rc6 Ne5 41.Rc1 Qxa2 42.Rc7 Rd7 43.Rxd7 Nxd7
44.N2f3 Nf6 45.Qxd6 Bf1 46.Ne1 Qf2 47.Ndc2 Nxe4 48.Qb8+ Kh7 49.Qf4 Bxg2+
50.Nxg2 Qxc2 51.Qxf7 Qxb3 52.h4 Qd5 53.Nf4 Qd1+ 54.Kh2 Qd2+ 55.Kh1 Qe1+ 56.Kh2 Qg3+  0-1

[Event "BL9798 (Women)"]
[Site "Germany"]
[Date "1997.??.??"]
[Round "?.4"]
[White "Medunova, Vera"]
[Black "Steinbacher, Claudia"]
[Result "1/2-1/2"]
[WhiteElo "2190"]
[BlackElo "2130"]

1.e4 c5 2.Nf3 e6 3.d4 cxd4 4.Nxd4 a6 5.Bd3 Qc7 6.O-O Nf6 7.c4 d6 8.b3 Be7
9.Bb2 Nc6 10.Nd2 Bd7 11.Qe2 O-O 12.Rad1 Rfe8 13.Bb1 Rad8 14.N2f3 b6 15.h3 g6
16.Qe3 e5 17.Ne2 Bf8 18.Nh2 Bc8 19.Kh1 Bg7 20.Ba3 Rd7 21.Rd3 Bb7 22.Rfd1 Red8
23.Ng4 Kh8 24.Nxf6 Bxf6 25.Nc3 Ne7 26.Qd2 Nc8 27.Nd5 Bxd5 28.cxd5 Na7 29.Rc3 Qb8
30.Bd3 b5 31.Bb4 Rc8 32.Rdc1 Rxc3 33.Rxc3 Kg7 34.Rc2 Bd8 35.Ba3 Bb6 36.g3 Bd4
37.Kg2 Qb6 38.Bc1 f6 39.h4 Rc7 40.Qh6+ Kg8 41.Qd2 Nc8 42.a4 bxa4 43.bxa4 a5
44.Rxc7 Qxc7 45.Qc2 Qxc2 46.Bxc2 Kf7 47.Bd2 Bb6 48.Kf3 Ne7 49.Ke2 Nc8 50.f3 Kg7
51.g4 h6 52.Be1 g5 53.hxg5 hxg5 54.Kd3 Na7 55.Bc3 Kf7 56.Kc4 Ke7 57.Bd3 Kd7
58.Kb3 Kd8 59.Bb5 Ke7 60.Bd2 Kd8 61.Bc1 Ke7 62.Kc4 Kd8 63.Bc6 Ke7 64.Ba3 Be3
65.Bb5 Bb6  1/2-1/2

[Event "BL9798 (Women)"]
[Site "Germany"]
[Date "1997.??.??"]
[Round "?.2"]
[White "Koglin, Anke"]
[Black "Broeder, Iris"]
[Result "0-1"]
[WhiteElo "2190"]
[BlackElo "2165"]

1.e4 c5 2.Nf3 e6 3.d4 cxd4 4.Nxd4 a6 5.Bd3 Nf6 6.c4 Qc7 7.O-O d6 8.b3 Be7
9.Bb2 Nc6 10.Nd2 Nb4 11.Bb1 O-O 12.Qe2 b6 13.a3 Nc6 14.Nxc6 Qxc6 15.Bd3 Bb7
16.Rac1 Rfd8 17.b4 Rac8 18.Rfd1 a5 19.Kh1 Ba8 20.h3 e5 21.Re1 Nd7 22.Nb1 axb4
23.axb4 Bg5 24.Rcd1 Qa4 25.Bc3 Nf8 26.Qg4 Bh6 27.Bf1 Bb7 28.Kg1 Ne6 29.g3 Qa8
30.h4 Rc7 31.Bb2 Qa2 32.Bc1 Bxc1 33.Rxc1 Qb3 34.Nc3 Qxb4 35.Nd5 Bxd5 36.exd5 Nd4
37.Rb1 Qa5 38.f4 f5 39.Qd1 Qc5 40.Kh2 e4 41.Be2 Ra7 42.Rb2 Ra3 43.Rf1 Rda8
44.Qd2 Ra1 45.Rd1 Rxd1 46.Qxd1 Ra3 47.h5 h6 48.Kh3 Nxe2 49.Qxe2 Qg1 50.Qg2 Qd1
51.Qe2 Qh1+ 52.Qh2 Qf1+ 53.Qg2 Qxf4 54.Kh2 Qg5 55.Qh3 Rc3 56.Rf2 Rf3 57.Ra2 e3
58.Kg2 Rf4 59.Rc2 Re4 60.Kf3 Qf6 61.Qh1 Qe5 62.Qg2 Rxc4  0-1

[Event "BL2-S9798"]
[Site "Germany"]
[Date "1997.??.??"]
[Round "?.1"]
[White "Schlindwein, Rolf"]
[Black "Zeller, Frank"]
[Result "1-0"]
[WhiteElo "2425"]
[BlackElo "2440"]

1.e4 c5 2.Nf3 e6 3.d4 cxd4 4.Nxd4 a6 5.Bd3 d6 6.O-O Nd7 7.c4 Ngf6 8.Nc3 b6
9.Qe2 Bb7 10.f4 Qc7 11.Bd2 Be7 12.Rae1 Rd8 13.b4 h5 14.Nd5 exd5 15.exd5 O-O
16.Nf5 Rfe8 17.Nxe7+ Kf8 18.Rf3 b5 19.Re3 bxc4 20.Bf5 g6 21.Bxd7 Qxd7 22.Qxc4 Qb5
23.Qd4 Ng8 24.a4 Qd7 25.Bc3 f6 26.Nxg8 Kxg8 27.Qxf6 Bxd5 28.Qh8+  1-0

[Event "BL2-S9697"]
[Site "Germany"]
[Date "1997.??.??"]
[Round "?.2"]
[White "Zuse, Klaus Peter"]
[Black "Panzalovic, Srdjan"]
[Result "1-0"]
[WhiteElo "2340"]
[BlackElo "2420"]

1.e4 c5 2.Nf3 e6 3.d4 cxd4 4.Nxd4 a6 5.Bd3 Nf6 6.O-O Qc7 7.Kh1 d5 8.Nc3 dxe4
9.Nxe4 Nxe4 10.Bxe4 g6 11.Bd2 Bg7 12.Bb4 f5 13.Bxf5 gxf5 14.Nxf5 Bf8 15.Bxf8 Rxf8
16.Qh5+ Rf7 17.Rad1 Nc6 18.Nd6+ Kf8 19.Rd3 Nd8 20.Rfd1 Qe7 21.Qh6+ Kg8 22.Nxf7  1-0

[Event "Landesliga Sued 9697 Bayern"]
[Site "Germany"]
[Date "1997.??.??"]
[Round "?"]
[White "Schmaus, Horst"]
[Black "Linhart, Wolfgang"]
[Result "0-1"]
[WhiteElo "2055"]
[BlackElo "2155"]

1.e4 c5 2.Nf3 e6 3.d4 cxd4 4.Nxd4 a6 5.Bd3 Qc7 6.O-O Nf6 7.c4 Be7 8.Nc3 d6
9.Kh1 Nbd7 10.f4 O-O 11.Qe2 Re8 12.Bd2 Nf8 13.Rae1 b6 14.Qf3 Bb7 15.Qh3 N6d7
16.Nf3 Nc5 17.Bb1 b5 18.cxb5 axb5 19.e5 b4 20.Nb5 Qb6 21.Nxd6 Bxd6 22.exd6 Ba6
23.Ng5 h6 24.Ne4 Nxe4 25.Bxe4 Bxf1 26.Bxa8 Rxa8 27.Rxf1 Qxd6 28.Qe3 Rxa2
29.Qb3 Qd5 30.Qxb4 Ng6 31.Bc3 Nh4 32.Rg1 Ra1  0-1

[Event "Landesliga Nord 9697 Bayern"]
[Site "Germany"]
[Date "1997.??.??"]
[Round "?"]
[White "Beuchler, Holger"]
[Black "Tiller, Jaroslav"]
[Result "1/2-1/2"]
[WhiteElo "2070"]
[BlackElo "2145"]

1.e4 c5 2.Nf3 e6 3.d4 cxd4 4.Nxd4 a6 5.Bd3 Nf6 6.O-O Qc7 7.Qe2 d6 8.c4 Be7
9.Nc3 Nc6 10.Nxc6 bxc6 11.f4 Nd7 12.f5 Ne5 13.Bf4 Bf6 14.Rad1 O-O 15.g4 Qe7
16.Qg2 h6 17.Ne2 d5 18.cxd5 exd5  1/2-1/2

[Event "Landesliga Nord 9697 Bayern"]
[Site "Germany"]
[Date "1997.??.??"]
[Round "?"]
[White "Vojtech, Jaroslav"]
[Black "Bunk, Karsten"]
[Result "1-0"]
[WhiteElo "2265"]
[BlackElo "2100"]

1.e4 c5 2.Nf3 e6 3.d4 cxd4 4.Nxd4 a6 5.Bd3 Nc6 6.Nxc6 dxc6 7.O-O e5 8.f4 Nf6
9.f5 h5 10.Nc3 Bc5+ 11.Kh1 Ng4 12.Qe1 b5 13.Bd2 Qd4 14.Nd1 b4 15.Qe2 a5 16.c3 Qd8
17.Rf3 Qb6 18.Ne3 Nxe3 19.Bxe3 bxc3 20.bxc3 Bxe3 21.Rxe3 Rb8 22.Rg3 Qc5 23.Rd1 h4
24.Rxg7 Qxc3 25.Bc4 Rb2 26.Bxf7+ Kf8 27.Qg4 Rd2 28.Rg8+ Ke7 29.Rxh8 Qe3 30.Rxc8 Qxe4
31.Qg5+ Kxf7 32.Qxd2  1-0

[Event "BL2-W9697"]
[Site "Germany"]
[Date "1997.??.??"]
[Round "?.2"]
[White "Mainka, Romuald"]
[Black "Kengis, Edvins"]
[Result "1/2-1/2"]
[WhiteElo "2480"]
[BlackElo "2585"]

1.e4 c5 2.Nf3 e6 3.d4 cxd4 4.Nxd4 a6 5.Bd3 Bc5 6.Nb3 Ba7 7.Qg4 Nf6 8.Qg3 d6
9.Nc3 Nc6 10.O-O h5 11.Kh1 Ne5 12.f4 h4 13.Qe1 Nxd3 14.cxd3 h3 15.g3 b5 16.Be3 Bxe3
17.Qxe3 Bb7 18.Nd1 O-O 19.Nf2 d5 20.Kg1 dxe4 21.dxe4 Rc8 22.Rac1 Rc4 23.Nc5 Qb6
24.b3 Rxc1 25.Rxc1 b4 26.Rc4 Bc6 27.g4 Bb5 28.Rc1 Rc8 29.g5 Nd7 30.Nxd7 Qxe3
31.Rxc8+ Kh7 32.Nf8+ Kg8 33.Nd7+  1/2-1/2

[Event "BL2-W9697"]
[Site "Germany"]
[Date "1997.??.??"]
[Round "?.1"]
[White "Mainka, Romuald"]
[Black "Chuchelov, Vladimir"]
[Result "1/2-1/2"]
[WhiteElo "2480"]
[BlackElo "2525"]

1.e4 c5 2.Nf3 e6 3.d4 cxd4 4.Nxd4 a6 5.Bd3 Nf6 6.O-O Qc7 7.c4 Nc6 8.Nxc6 dxc6
9.Bg5 Be7 10.Nc3 e5 11.a3 O-O 12.Rc1 h6 13.Be3 Ng4 14.Bd2 Rd8 15.Be2 Nf6
16.Qe1 Nd7 17.Na4 b6 18.b4 Qb8 19.Bc3 b5 20.Nb2 c5 21.Rd1 Re8 22.Bd3 Bf8
23.Qe2 cxb4 24.axb4 a5 25.cxb5 axb4 26.Bd2 Nb6 27.Ra1 Be6 28.Ra6 Bc5 29.Nc4 Rxa6
30.bxa6 Rd8 31.Rc1 b3 32.Nb2 Bd4 33.Bc3 Rc8 34.Qe1 Qc7 35.Bd2 Qd7 36.Bc3 Qc7
37.Bd2 Qd7 38.Bc3  1/2-1/2

[Event "BL2-S9697"]
[Site "Germany"]
[Date "1997.??.??"]
[Round "?.6"]
[White "Pfrommer, Christoph"]
[Black "Osorios Ortiz, Marcos"]
[Result "1/2-1/2"]
[WhiteElo "2290"]
[BlackElo "2265"]

1.e4 c5 2.Nf3 e6 3.d4 cxd4 4.Nxd4 a6 5.Bd3 Nc6 6.Nxc6 dxc6 7.Nd2 Qc7 8.a4 e5
9.Nc4 Be6 10.Be3 Bxc4 11.Bxc4 Nf6 12.f3 Nd7 13.c3 Bc5 14.Bxc5 Nxc5 15.b4 Rd8  1/2-1/2

[Event "BL2-O9798"]
[Site "Germany"]
[Date "1997.??.??"]
[Round "3.1"]
[White "Heinatz, Thomas"]
[Black "Pribyl, Martin"]
[Result "1-0"]
[WhiteElo "2330"]
[BlackElo "2355"]

1.e4 c5 2.Nf3 e6 3.d4 cxd4 4.Nxd4 a6 5.Bd3 d6 6.c4 Nf6 7.Nc3 Be7 8.O-O Nbd7
9.b3 Qc7 10.Bb2 b6 11.f4 Bb7 12.Qf3 Nc5 13.Bc2 O-O 14.Rab1 Rfd8 15.Qh3 h6
16.b4 Ncd7 17.Nxe6 fxe6 18.Qxe6+ Kf8 19.Nd5 Nxd5 20.exd5 Bf6 21.Bh7 Ne5 22.fxe5 dxe5
23.Bxe5 Qf7 24.Bd6+  1-0

[Event "NRW-Liga 9798"]
[Site "Germany"]
[Date "1997.??.??"]
[Round "3.1"]
[White "Gurevich, Vladimir"]
[Black "Podzielny, Karl Heinz"]
[Result "1-0"]
[WhiteElo "2435"]
[BlackElo "2490"]

1.e4 c5 2.Nf3 e6 3.d4 cxd4 4.Nxd4 a6 5.Bd3 Nf6 6.Qe2 d6 7.O-O Qc7 8.c4 Nbd7
9.Nc3 g6 10.Nf3 Bg7 11.Rd1 Ng4 12.Bf4 Nge5 13.Rac1 O-O 14.b3 b6 15.Bb1 Nxf3+
16.Qxf3 Ne5 17.Qe3 Rd8 18.h3 Rb8 19.Qd2 Bb7 20.Be3 Ba8 21.f4 Nc6 22.Bd3 Qb7
23.Be2 Qe7 24.Bf1 Na7 25.Qf2 Nc8 26.Bd3 Bc6 27.a4 Re8 28.Re1 Qb7 29.Bd4 Qe7
30.Bxg7 Kxg7 31.Rf1 Qf6 32.Qe3 Kg8 33.e5 Qe7 34.Be4 Bd7 35.Rcd1 b5 36.exd6 Qf6
37.axb5 axb5 38.c5 Na7 39.b4 Nc6 40.Bxc6 Bxc6 41.Qe5  1-0

[Event "BL2-N9798"]
[Site "Germany"]
[Date "1997.??.??"]
[Round "3.6"]
[White "Meier, Volker"]
[Black "Salov, Sergei"]
[Result "1/2-1/2"]
[WhiteElo "2285"]
[BlackElo "2275"]

1.e4 c5 2.Nf3 e6 3.d4 cxd4 4.Nxd4 a6 5.Bd3 Ne7 6.O-O g6 7.c4 Bg7 8.Be3 Nbc6
9.Nxc6 Nxc6 10.Nc3 d6 11.Qd2 O-O 12.Rfd1 Nd4 13.Ne2 Qb6 14.Kh1 e5 15.f3 Be6
16.Rac1 Rfc8 17.Bf2 a5 18.Nxd4 exd4 19.b3 Qb4 20.Qb2 a4 21.Bxd4 Bxd4 22.Qxd4 axb3
23.axb3 Qxb3 24.Rb1 Qa4 25.Bf1 Qc6 26.Rb6 Qc5 27.Qxc5 Rxc5 28.Rxb7 Bxc4 29.Bxc4 Rxc4
30.Rd7 Rd4 31.Rg1 Ra2 32.h3 h5 33.Rc1 h4 34.Rc8+ Kg7 35.Rcc7 Rd1+ 36.Kh2 Raa1
37.Rxf7+ Kg8 38.Rg7+  1/2-1/2

[Event "NRW-Liga I 9697"]
[Site "Germany"]
[Date "1997.??.??"]
[Round "8.1"]
[White "Forchert, Martin"]
[Black "Miezis, Normunds"]
[Result "0-1"]
[WhiteElo "2390"]
[BlackElo "2555"]

1.e4 c5 2.Nf3 e6 3.d4 cxd4 4.Nxd4 a6 5.Bd3 Nc6 6.Nxc6 dxc6 7.Nd2 e5 8.Qh5 Bd6
9.Nc4 Nf6 10.Nxd6+ Qxd6 11.Qe2 Be6 12.O-O Nd7 13.Rd1 Qe7 14.b3 O-O 15.a4 Rfd8
16.Ba3 Qg5 17.Qd2 Qh4 18.a5 Nf6 19.Qe3 Rd7 20.Bc5 Re8 21.Bb6 Qh5 22.Rd2 Qg6
23.Rad1 Nh5 24.Bf1 Rxd2 25.Rxd2 Nf4 26.Kh1 h6 27.Rd8 Rxd8 28.Bxd8 Bg4 29.f3 Qd6
30.Bh4 Be6 31.Be1 Qd1 32.Qd2 Qb1 33.Kg1 Kh7 34.Bg3 g5 35.Kf2 Qb2 36.b4 Bb3
37.Bxf4 gxf4 38.Bd3 Qd4+ 39.Kf1 Bc4 40.g3 Be6 41.Kg2 fxg3 42.hxg3 c5 43.bxc5 Qxc5
44.f4 Qc6 45.Kh2 Qc5 46.Kg2 Qd4 47.fxe5 Qc5 48.Be2 Kg7 49.Kh2 Qf2+  0-1

[Event "Karsten Kold op"]
[Site "Gistrup"]
[Date "1997.??.??"]
[Round "3"]
[White "Andersen, Jan Ivan"]
[Black "Hellsten, Johan"]
[Result "0-1"]
[WhiteElo "2285"]
[BlackElo "2495"]

1.e4 c5 2.Nf3 e6 3.d4 cxd4 4.Nxd4 a6 5.Bd3 Nf6 6.O-O Qc7 7.Kh1 d5 8.exd5 Nxd5
9.c4 Nf6 10.Nc3 Be7 11.Qe2 O-O 12.Bg5 Rd8 13.Nb3 Nbd7 14.Rac1 Nf8 15.Rfe1 Bd7
16.h3 Bc6 17.Be3 Ng6 18.Bxg6 hxg6 19.Kg1 Nh5 20.Qg4 Bf6 21.Rc2 Be5 22.c5 Bh2+
23.Kh1 Bf4 24.Nd4 Bxe3 25.fxe3 Bd7 26.Qg5 Qg3 27.Qxg3 Nxg3+ 28.Kh2 Nf5 29.Ne4 e5
30.Nb3 Bc6 31.Nf2 Ba4 32.g4 Nh4 33.Kg3 g5 34.Ne4 f6 35.Nd6 b6 36.Ne4 Rac8
37.Rec1 Bxb3 38.axb3 bxc5 39.Nxc5 a5 40.Rc3 Rd2 41.R1c2 Rd5 42.Nb7 Rxc3 43.Rxc3 Rd2  0-1

[Event "Dov Porath mem"]
[Site "Givatayim"]
[Date "1997.??.??"]
[Round "5"]
[White "Bar, Roman"]
[Black "Kundin, Alexander"]
[Result "1/2-1/2"]
[WhiteElo "2160"]
[BlackElo "2260"]

1.e4 c5 2.Nf3 e6 3.d4 cxd4 4.Nxd4 a6 5.Bd3 Qc7 6.O-O Nf6 7.Qe2 d6 8.c4 Nbd7
9.b3 Be7 10.Bb2 O-O 11.Nc3 b6 12.Kh1 Bb7 13.f4 Rfe8 14.Rae1 Rad8 15.Bb1 Bf8
16.Nf3 d5 17.e5 Ne4 18.Nxe4 dxe4 19.Ng5 Nc5 20.Nxe4 Qc6 21.Bc3 a5 22.h3 Rd7
23.Rf3 Nxe4 24.Bxe4 Qxe4 25.Qxe4 Bxe4 26.Rxe4 Red8 27.Re2 Bc5 28.Kh2 Rd1
29.Be1 g6 30.Kg3 Kf8 31.Bf2 Ke7 32.Bxc5+ bxc5 33.Kf2 Kd7 34.g3 h5 35.h4 Kc6
36.Rc3  1/2-1/2

[Event "Graz op"]
[Site "Graz"]
[Date "1997.??.??"]
[Round "2"]
[White "Krieger, Hermann"]
[Black "Eingorn, Vereslav S"]
[Result "0-1"]
[WhiteElo "2180"]
[BlackElo "2590"]

1.e4 c5 2.Nf3 e6 3.d4 cxd4 4.Nxd4 a6 5.Bd3 Qc7 6.O-O Ne7 7.f4 d5 8.Nc3 dxe4
9.Bxe4 Nec6 10.Nb3 Nd7 11.Be3 Nf6 12.Bf3 Bd7 13.Qe2 Be7 14.Rad1 O-O 15.g4 Be8
16.Qf2 Bb4 17.Ne2 Nd7 18.a3 Be7 19.Ng3 Rc8 20.c3 b5 21.Rd2 Rb8 22.Ne4 Nb6
23.Nec5 Qc8 24.Nxe6 Qxe6 25.Bxb6 Qxb3 26.Bd5 Qa4 27.b4 Qxa3  0-1

[Event "Graz op"]
[Site "Graz"]
[Date "1997.??.??"]
[Round "4"]
[White "Timoshenko, Georgy"]
[Black "Blum, Gernot"]
[Result "1-0"]
[WhiteElo "2570"]
[BlackElo "2135"]

1.e4 c5 2.Nf3 e6 3.d4 cxd4 4.Nxd4 a6 5.Bd3 Qb6 6.Nb3 Nc6 7.O-O Nf6 8.c4 Nb4
9.Bf4 Nxd3 10.Qxd3 d6 11.Nc3 Bd7 12.Rad1 Rc8 13.Rfe1 Be7 14.Bxd6 Qxd6 15.Qxd6 Bxd6
16.Rxd6 Rxc4 17.e5 Ng4 18.Na5 Rc7 19.Re4 f5 20.exf6 Nxf6 21.Rb4 Bc8 22.f3 O-O
23.Rbd4 e5 24.Rd1 Re8 25.Rd8 Kf7 26.Rxe8 Kxe8 27.Re1 Re7 28.Nc4 b5 29.Nxe5 Bd7
30.b4 Bf5 31.Kf2 Rc7 32.Re3 Kf8 33.g4 Bc8 34.a3 Bb7 35.Ke2 h6 36.Kd2 Ke7
37.Nd3+ Kf7 38.Nc5 Bc8 39.Rd3 Rc6 40.h4 Ke7 41.Ke3 Nd7 42.Kd4 Rd6+ 43.Nd5+ Kf7
44.Ne4 Rc6 45.Rc3 Bb7 46.Rxc6 Bxc6 47.f4 g6 48.f5 gxf5 49.gxf5 Bb7  1-0

[Event "Groningen op"]
[Site "Groningen"]
[Date "1997.??.??"]
[Round "9"]
[White "De Mie, Mariska"]
[Black "Marcoli, Paolo"]
[Result "1-0"]
[WhiteElo "2150"]
[BlackElo "2185"]

1.e4 c5 2.Nf3 e6 3.d4 cxd4 4.Nxd4 a6 5.Bd3 Nf6 6.O-O d6 7.c4 Qc7 8.Nc3 Be7
9.Be3 Nbd7 10.f4 b6 11.Rc1 Bb7 12.b4 O-O 13.Kh1 Rfe8 14.Nf3 Rad8 15.a3 Qb8
16.Qe2 Qa8 17.Bd4 e5 18.fxe5 Nh5 19.Nd5 Bxd5 20.exd5 Nf4 21.Qe4 Nxd3 22.Qxd3 b5
23.exd6 bxc4 24.Qf5 g6 25.Qf4 Bf8 26.Ng5 Qxd5 27.Nxf7 Re4 28.Qf3 Rde8 29.Ba1 Bg7
30.Rcd1 Qf5 31.Qg3 Qg4 32.Qf2 Rf8 33.Bxg7 Qxd1 34.Bxf8 Qe2 35.Nh6+ Kh8 36.Qf7 Qb2
37.Qg8+  1-0

[Event "Perenyi  Memorial"]
[Site "Gyula"]
[Date "1997.??.??"]
[Round "8"]
[White "Anka, Emil"]
[Black "Bezold, Michael"]
[Result "0-1"]
[WhiteElo "2450"]
[BlackElo "2500"]

1.e4 c5 2.Nf3 e6 3.d4 cxd4 4.Nxd4 a6 5.Bd3 Bc5 6.Nb3 Ba7 7.O-O Nc6 8.Qg4 Kf8
9.Nc3 Nf6 10.Qe2 d6 11.Be3 b5 12.a3 e5 13.Nd5 Nxd5 14.exd5 Ne7 15.c4 bxc4
16.Bxc4 Bxe3 17.fxe3 g6 18.Qf2 f5 19.Qd2 a5 20.Nc1 Qb6 21.Ne2 Kg7 22.Rf2 Rf8
23.Raf1 Bd7 24.Nc3 Ng8 25.Kh1 Nf6 26.Be2 Rab8 27.Bd1 Bb5 28.Re1 Bc4 29.Be2 Qxb2
30.Bxc4 Qxd2 31.Rxd2 Rfc8 32.Nb5 Rxc4 33.Nxd6 Rc5 34.a4 Rb4 35.Kg1 Rxa4 36.Red1 Rb4
37.Ne8+ Nxe8 38.d6 Nxd6 39.Rxd6 Rb7 40.Ra1 Rc2  0-1

[Event "Haarlem op"]
[Site "Haarlem"]
[Date "1997.??.??"]
[Round "4"]
[White "Speyer, Nico"]
[Black "Johansen, Darryl K"]
[Result "0-1"]
[WhiteElo "2120"]
[BlackElo "2500"]

1.e4 c5 2.Nf3 e6 3.d4 cxd4 4.Nxd4 a6 5.Bd3 Nf6 6.O-O Qc7 7.c4 Nc6 8.Nxc6 dxc6
9.Nc3 e5 10.Kh1 Bc5 11.Qe2 Bg4 12.f3 Be6 13.Rb1 Bd4 14.Nd1 a5 15.Ne3 O-O
16.g4 Nd7 17.Rg1 Nc5 18.Bc2 Rad8 19.Rg3 Bc8 20.Nf5 Ne6 21.Rh3 Nf4 22.Bxf4 exf4
23.Nxd4 Rxd4 24.e5 g6 25.Re1 Rfd8 26.Qf2 Qe7 27.Re2 Be6 28.b3 a4 29.Kg2 Kg7
30.Be4 R8d7 31.Qe1 Qd8  0-1

[Event "Hafnarfjordur"]
[Site "Hafnarfjordur"]
[Date "1997.??.??"]
[Round "4"]
[White "Hall, Jesper"]
[Black "Bjarnason, Saevar"]
[Result "1-0"]
[WhiteElo "2460"]
[BlackElo "2265"]

1.e4 c5 2.Nf3 e6 3.d4 cxd4 4.Nxd4 a6 5.Bd3 Nc6 6.Nxc6 bxc6 7.O-O d5 8.Nd2 Nf6
9.Qe2 Be7 10.b3 O-O 11.Bb2 Bb7 12.f4 c5 13.e5 Nd7 14.Kh1 g6 15.Qg4 Nb6 16.f5 exf5
17.Bxf5 d4 18.e6 Kg7 19.exf7 Nd5 20.Nc4 Rxf7 21.Be6 Rxf1+ 22.Rxf1 Bf6 23.Qg3 Qe7
24.Re1 Ne3 25.Nxe3 Qxe6 26.Ng4 Qc6 27.Nxf6 Kxf6 28.Qf2+ Kg7 29.Re7+ Kh8 30.Bxd4+  1-0

[Event "HUN-chT2 9798"]
[Site "HUN"]
[Date "1997.??.??"]
[Round "?"]
[White "Szakolczai, Peter"]
[Black "Juhasz, Bela"]
[Result "0-1"]
[WhiteElo "2185"]
[BlackElo "2225"]

1.e4 c5 2.Nf3 e6 3.d4 cxd4 4.Nxd4 a6 5.Bd3 Nf6 6.O-O d6 7.Be3 Be7 8.Nd2 O-O
9.c4 b6 10.f4 Qc7 11.Qf3 Bb7 12.Qh3 Nbd7 13.b4 Rfe8 14.Rac1 Rac8 15.N4b3 Qb8
16.c5 bxc5 17.bxc5 e5 18.Na5 exf4 19.Bxf4 Rxc5 20.Rxc5 Nxc5 21.Rb1 Qa7 22.Be3 Ba8
23.Nab3 Bf8 24.Nxc5 dxc5 25.Qh4 h6 26.Rf1 Qb6 27.Bxh6 c4+ 28.Kh1 cxd3 29.e5 Rxe5
30.Bg5 Re2  0-1

[Event "HUN-chT 9798"]
[Site "Hungary"]
[Date "1997.??.??"]
[Round "?"]
[White "Csonka, Attila"]
[Black "Kovacs, Adrian"]
[Result "1-0"]
[WhiteElo "2100"]
[BlackElo "2180"]

1.e4 c5 2.Nf3 e6 3.d4 cxd4 4.Nxd4 a6 5.Bd3 Nf6 6.O-O Qc7 7.Qe2 d6 8.c4 Nbd7
9.Nc3 g6 10.Nf3 Bg7 11.h3 O-O 12.Bf4 Ne5 13.Nxe5 dxe5 14.Be3 Nd7 15.Na4 f5
16.f3 Qc6 17.b3 b6 18.Rac1 Rd8 19.Rfd1 Bf8 20.Bb1 Rb8 21.Kh1 Bb7 22.Bg5 Re8
23.Qb2 Qc7 24.b4 a5 25.a3 axb4 26.axb4 Bc6 27.Nc3 Ra8 28.Rd2 Be7 29.Bxe7 Rxe7
30.Nd5 Bxd5 31.cxd5 Qa7 32.dxe6 Nf8 33.exf5  1-0

[Event "HUN-chT 9798"]
[Site "Hungary"]
[Date "1997.??.??"]
[Round "?"]
[White "Forgo, Eva"]
[Black "Kiss, Fernanda"]
[Result "0-1"]
[WhiteElo "2295"]
[BlackElo "2230"]

1.e4 c5 2.Nf3 e6 3.d4 cxd4 4.Nxd4 a6 5.Bd3 Bc5 6.Nb3 Ba7 7.Qe2 Nc6 8.Nc3 d6
9.Be3 Nf6 10.O-O-O b5 11.Bxa7 Rxa7 12.Qe3 b4 13.Na4 Qc7 14.f4 O-O 15.Rhg1 Bd7
16.g4 e5 17.g5 Ng4 18.Qd2 exf4 19.Kb1 Ne3 20.Rc1 Ne5 21.Qxb4 Rb8 22.Qc3 Bxa4
23.Qxc7 Rxc7 24.Bxa6 Nf3  0-1

[Event "HUN-chT 9798"]
[Site "Hungary"]
[Date "1997.??.??"]
[Round "?"]
[White "Szakall, Tamas"]
[Black "Lehoczki, Viktor"]
[Result "1/2-1/2"]
[WhiteElo "2125"]
[BlackElo "2030"]

1.e4 c5 2.Nf3 e6 3.d4 cxd4 4.Nxd4 a6 5.Bd3 Nf6 6.O-O Qc7 7.Qe2 d6 8.c4 Nbd7
9.f4 h5 10.Nc3 b6 11.Kh1 Bb7 12.Bd2 Be7 13.Rae1 h4 14.Nf3 h3 15.g3 Rd8 16.f5 exf5
17.Nd5 Nxd5 18.exd5 Nf6 19.Bxf5 Kf8 20.Ng5 Bc8 21.Bxc8 Rxc8 22.Bc3 Qd7 23.Qd3 Kg8
24.Qd4 b5 25.cxb5 axb5 26.b3 Qb7 27.Nf3 Rh5 28.Bb2 Rxd5 29.Qe3 Rc7 30.Bxf6 Bxf6
31.Qe8+ Kh7 32.Qe4+ Kg8 33.Qg4 Re5 34.Rxe5 dxe5 35.Qxh3 e4 36.Ne1 e3+ 37.Qg2 Qa7
38.Qe2 b4 39.Ng2 Rc3 40.Re1 Bd4 41.Qb5 Qe7 42.Qd5 Bc5 43.Nf4 Rc2 44.Nd3 Bd6
45.Qf3 e2 46.Qa8+ Kh7 47.Nf2 Rd2 48.Kg2 f5  1/2-1/2

[Event "DDCC-Chigorin CC"]
[Site "Internet"]
[Date "1997.??.??"]
[Round "?"]
[White "Nicholson, John G"]
[Black "Shaposhnikov, Evgeny"]
[Result "0-1"]
[WhiteElo "2265"]
[BlackElo "2370"]

1.e4 c5 2.Nf3 e6 3.d4 cxd4 4.Nxd4 a6 5.Bd3 Nf6 6.O-O Qc7 7.Qe2 d6 8.c4 Nbd7
9.b3 g6 10.Bb2 Bg7 11.Nc3 O-O 12.Rad1 b6 13.Bb1 Bb7 14.f4 Rfe8 15.Nf3 Rad8
16.Kh1 Nc5 17.b4 Ncd7 18.a3 Nh5 19.Nd2 Bh6 20.g3 Bg7 21.g4 Nhf6 22.Kg1 b5
23.h3 bxc4 24.Nxc4 d5 25.Na5 Nxe4 26.Nxe4 Bxb2 27.Qxb2 dxe4 28.Nxb7 Qxb7
29.Qd4 f5 30.gxf5 gxf5 31.Kh2 Kf7 32.Ba2 Nf6 33.Qe5 Qb6  0-1

[Event "World Cities"]
[Site "Jakarta "]
[Date "1997.??.??"]
[Round "9"]
[White "Timoshenko, Georgy"]
[Black "Juswanto, Denny"]
[Result "1-0"]
[WhiteElo "2570"]
[BlackElo "2435"]

1.e4 c5 2.Nf3 e6 3.d4 cxd4 4.Nxd4 a6 5.Bd3 Qc7 6.O-O Nf6 7.Nc3 Nc6 8.Nxc6 bxc6
9.Kh1 Be7 10.f4 d6 11.b3 O-O 12.Bb2 Nd7 13.Qh5 g6 14.Qh6 f6 15.e5 Rf7 16.exd6 Bxd6
17.Rae1 Nf8 18.Ne4 Be7 19.Qh4 Qd8 20.Rd1 Bd7 21.Bc4 h6 22.Nd6 Rg7 23.f5 g5
24.Qh3 g4 25.Qe3 Bxd6 26.fxe6 Be7 27.exd7+ Kh7 28.Qe4+  1-0

[Event "Jakarta op"]
[Site "Jakarta"]
[Date "1997.??.??"]
[Round "?"]
[White "Zaw Winlay"]
[Black "Gunawan, Ruben"]
[Result "1-0"]
[WhiteElo "2230"]
[BlackElo "2460"]

1.e4 c5 2.Nf3 e6 3.d4 cxd4 4.Nxd4 a6 5.Bd3 Qc7 6.O-O Nf6 7.Nc3 Nc6 8.Be3 Bd6
9.h3 b5 10.a3 Bb7 11.Nb3 Be7 12.f4 d6 13.Qe2 O-O 14.Qf2 Rfe8 15.Bb6 Qc8 16.Rae1 Nd7
17.Be3 Bf6 18.g4 b4 19.axb4 Nxb4 20.Na5 Bd8 21.Nxb7 Qxb7 22.Ra1 Rc8 23.Rfd1 Nc5
24.Bf1 Nxe4 25.Nxe4 Qxe4 26.Rd4 Qb7 27.c3 Nd5 28.Bxa6 Qb8 29.Bxc8 Nxe3 30.Bd7 Rf8
31.Qxe3 Bb6 32.Re1  1-0

[Event "Klatovy op-B"]
[Site "Klatovy"]
[Date "1997.??.??"]
[Round "?"]
[White "Brudnova, J."]
[Black "Novak, Michal"]
[Result "1-0"]
[WhiteElo "1790"]
[BlackElo "1720"]

1.e4 c5 2.Nf3 e6 3.d4 cxd4 4.Nxd4 a6 5.Bd3 Qc7 6.O-O Nc6 7.Nf3 Be7 8.a3 Nf6
9.Nc3 O-O 10.Bg5 b5 11.h3 Bb7 12.Re1 d6 13.Qe2 Rfe8 14.Bf4 Nd7 15.Qd2 Nc5
16.Bf1 Rad8 17.Rad1 Ne5 18.Qe2 Nc4 19.Rb1 Nd7 20.Nd1 Nf6 21.Qd3 Ne5 22.Bxe5 dxe5
23.Qc3 Qxc3 24.Nxc3 Nd7 25.Rbd1 f6 26.Nd2 Bc5 27.Nb3 Bb6 28.Rd6 Bc7 29.Rd3 Kf7
30.Red1 Ke7 31.Be2 Bb6 32.Bg4 g6 33.Bf3 Nc5 34.Rxd8 Rxd8 35.Rxd8 Kxd8 36.Nxc5 Bxc5
37.Kf1 Bd4 38.Nd1 Kc7 39.c3 Bc5 40.Ke2 Kb6 41.Kd3 f5 42.Ne3 Bxe3 43.Kxe3 Kc5
44.exf5 Bxf3 45.fxg6 hxg6 46.Kxf3 Kc4 47.h4 Kb3 48.g4 Kxb2 49.h5 Kxc3 50.h6 a5
51.h7 b4 52.axb4 axb4 53.h8=Q  1-0

[Event "Koblenz-ch"]
[Site "Koblenz"]
[Date "1997.??.??"]
[Round "1"]
[White "Kunze, Christian"]
[Black "Bilitza, Alwin"]
[Result "0-1"]
[WhiteElo "1560"]
[BlackElo "1920"]

1.e4 c5 2.Nf3 e6 3.d4 cxd4 4.Nxd4 a6 5.Bd3 Nf6 6.Bg5 Be7 7.Nd2 Qc7 8.N2f3 d6
9.O-O Nbd7 10.Nb3 O-O 11.Rc1 b6 12.Qe2 e5 13.c3 Re8 14.Rfe1 Nf8 15.h3 Ne6
16.Qe3 Nxg5 17.Nxg5 h6 18.Nf3 Nh5 19.Nbd2 Nf4 20.Bf1 Be6 21.c4 Rab8 22.b3 Kh8
23.Nh2 Bg5 24.Qc3 b5 25.Rc2 b4 26.Qg3 Rg8 27.Nhf3 Bd8 28.Nh4 g6 29.Nhf3 Qe7
30.Qh2 Bb6 31.g3 Nh5 32.Nh4 Bc5 33.Be2 Ng7 34.Bg4 Kh7 35.Bxe6 Qxe6 36.g4 f5
37.exf5 gxf5 38.Qg2 Qf6 39.Nhf3 Nh5 40.Kf1 Nf4 41.Qg3 Nxh3 42.Qxh3 fxg4 43.Qh4 Qg6
44.Nxe5 dxe5 45.Ne4 Bd4 46.Nf6+ Kg7 47.Nxg8 Qxc2 48.Qxg4+ Kh8 49.Re2 Qd1+  0-1

[Event "RUS-ch (Women) sf"]
[Site "Kolontaevo"]
[Date "1997.??.??"]
[Round "?"]
[White "Roschina, Tatiana"]
[Black "Bilenko, L."]
[Result "1-0"]
[WhiteElo "2245"]
[BlackElo "2195"]

1.e4 c5 2.Nf3 e6 3.d4 cxd4 4.Nxd4 a6 5.Bd3 Qc7 6.Be3 Nf6 7.Nc3 Bb4 8.O-O Bxc3
9.bxc3 d6 10.Qf3 Nbd7 11.Qg3 O-O 12.f4 b6 13.Rae1 Bb7 14.f5 e5 15.Bh6 Nh5
16.Qg5 Kh8 17.Qxh5 gxh6 18.Qxh6 Rg8 19.Re3 exd4 20.Rh3 Rg7 21.f6 Nxf6 22.Qxf6 dxc3
23.Rf5 Kg8 24.Rg3 Rg6 25.e5 dxe5 26.Rxe5 Rxg3 27.hxg3 Bc8 28.Re8+  1-0